<?xml version="1.0" encoding="UTF-8"?>
<record
    xmlns:xsi="http://www.w3.org/2001/XMLSchema-instance"
    xsi:schemaLocation="http://www.loc.gov/MARC21/slim http://www.loc.gov/standards/marcxml/schema/MARC21slim.xsd"
    xmlns="http://www.loc.gov/MARC21/slim">

  <leader>00427nam a22001337a 4500</leader>
  <datafield tag="040" ind1=" " ind2=" ">
    <subfield code="c">RUA</subfield>
  </datafield>
  <datafield tag="082" ind1=" " ind2=" ">
    <subfield code="a">MGR UN 2009 B417 Or.1</subfield>
  </datafield>
  <datafield tag="100" ind1=" " ind2=" ">
    <subfield code="a">UN SOPHEA;</subfield>
  </datafield>
  <datafield tag="245" ind1=" " ind2=" ">
    <subfield code="a">Market channel and trade of fermented small-sized fish paste in cambodia,</subfield>
  </datafield>
  <datafield tag="260" ind1=" " ind2=" ">
    <subfield code="a">Phnom Penh</subfield>
    <subfield code="b">RUA</subfield>
    <subfield code="c">2009</subfield>
  </datafield>
  <datafield tag="300" ind1=" " ind2=" ">
    <subfield code="a">xviii; 141p.</subfield>
    <subfield code="b">ill.</subfield>
    <subfield code="c">29cm.</subfield>
  </datafield>
  <datafield tag="856" ind1=" " ind2=" ">
    <subfield code="u">https://drive.google.com/file/d/1CZTbQ5J3j3SWekxHcOdgnAdcyY4V5dvc/view?usp=sharing</subfield>
  </datafield>
  <datafield tag="942" ind1=" " ind2=" ">
    <subfield code="c">NRM</subfield>
  </datafield>
  <datafield tag="999" ind1=" " ind2=" ">
    <subfield code="c">6886</subfield>
    <subfield code="d">6886</subfield>
  </datafield>
  <datafield tag="952" ind1=" " ind2=" ">
    <subfield code="0">0</subfield>
    <subfield code="1">0</subfield>
    <subfield code="2">ddc</subfield>
    <subfield code="4">0</subfield>
    <subfield code="6">MGR_UN_2009_000000000000000_B417_OR_1</subfield>
    <subfield code="7">0</subfield>
    <subfield code="9">39943</subfield>
    <subfield code="a">LBB</subfield>
    <subfield code="b">LBB</subfield>
    <subfield code="c">B417</subfield>
    <subfield code="d">2016-02-18</subfield>
    <subfield code="o">MGR UN 2009 B417 Or.1</subfield>
    <subfield code="p">RUA050386</subfield>
    <subfield code="r">2016-02-18</subfield>
    <subfield code="w">2016-02-18</subfield>
    <subfield code="y">NRM</subfield>
  </datafield>
  <datafield tag="952" ind1=" " ind2=" ">
    <subfield code="0">0</subfield>
    <subfield code="1">0</subfield>
    <subfield code="2">ddc</subfield>
    <subfield code="4">0</subfield>
    <subfield code="6">MGR_UN_2009_000000000000000_B417_OR_2</subfield>
    <subfield code="7">0</subfield>
    <subfield code="9">39944</subfield>
    <subfield code="a">LBB</subfield>
    <subfield code="b">LBB</subfield>
    <subfield code="c">B417</subfield>
    <subfield code="d">2016-02-18</subfield>
    <subfield code="o">MGR UN 2009 B417 Or.2</subfield>
    <subfield code="p">RUA050718</subfield>
    <subfield code="r">2016-02-18</subfield>
    <subfield code="w">2016-02-18</subfield>
    <subfield code="y">NRM</subfield>
  </datafield>
  <datafield tag="952" ind1=" " ind2=" ">
    <subfield code="0">0</subfield>
    <subfield code="1">0</subfield>
    <subfield code="2">ddc</subfield>
    <subfield code="4">0</subfield>
    <subfield code="6">MGR_UN_2009_000000000000000_B417_OR_3</subfield>
    <subfield code="7">0</subfield>
    <subfield code="9">39945</subfield>
    <subfield code="a">LBB</subfield>
    <subfield code="b">LBB</subfield>
    <subfield code="c">B417</subfield>
    <subfield code="d">2016-02-18</subfield>
    <subfield code="l">1</subfield>
    <subfield code="o">MGR UN 2009 B417 Or.3</subfield>
    <subfield code="p">RUA050253</subfield>
    <subfield code="r">2016-06-07</subfield>
    <subfield code="s">2016-04-27</subfield>
    <subfield code="w">2016-02-18</subfield>
    <subfield code="y">NRM</subfield>
  </datafield>
  <datafield tag="952" ind1=" " ind2=" ">
    <subfield code="0">0</subfield>
    <subfield code="1">0</subfield>
    <subfield code="2">ddc</subfield>
    <subfield code="4">0</subfield>
    <subfield code="6">MGR_UN_2009_000000000000000_B417_OR_4</subfield>
    <subfield code="7">0</subfield>
    <subfield code="9">39946</subfield>
    <subfield code="a">LBB</subfield>
    <subfield code="b">LBB</subfield>
    <subfield code="c">B417</subfield>
    <subfield code="d">2016-02-18</subfield>
    <subfield code="l">2</subfield>
    <subfield code="o">MGR UN 2009 B417 Or.4</subfield>
    <subfield code="p">RUA051988</subfield>
    <subfield code="r">2016-11-30</subfield>
    <subfield code="s">2016-08-10</subfield>
    <subfield code="w">2016-02-18</subfield>
    <subfield code="y">NRM</subfield>
  </datafield>
  <datafield tag="952" ind1=" " ind2=" ">
    <subfield code="0">0</subfield>
    <subfield code="1">0</subfield>
    <subfield code="2">ddc</subfield>
    <subfield code="4">0</subfield>
    <subfield code="6">MGR_UN_2009_000000000000000_B417_OR_5</subfield>
    <subfield code="7">0</subfield>
    <subfield code="9">39947</subfield>
    <subfield code="a">LBB</subfield>
    <subfield code="b">LBB</subfield>
    <subfield code="c">B417</subfield>
    <subfield code="d">2016-02-18</subfield>
    <subfield code="o">MGR UN 2009 B417 Or.5</subfield>
    <subfield code="p">RUA049573</subfield>
    <subfield code="r">2016-02-18</subfield>
    <subfield code="w">2016-02-18</subfield>
    <subfield code="y">NRM</subfield>
  </datafield>
  <datafield tag="952" ind1=" " ind2=" ">
    <subfield code="0">0</subfield>
    <subfield code="1">0</subfield>
    <subfield code="2">ddc</subfield>
    <subfield code="4">0</subfield>
    <subfield code="6">MGR_UN_2009_000000000000000_B417_OR_6</subfield>
    <subfield code="7">0</subfield>
    <subfield code="9">39948</subfield>
    <subfield code="a">LBB</subfield>
    <subfield code="b">LBB</subfield>
    <subfield code="c">B417</subfield>
    <subfield code="d">2016-02-18</subfield>
    <subfield code="o">MGR UN 2009 B417 Or.6</subfield>
    <subfield code="p">RUA049472</subfield>
    <subfield code="r">2016-02-18</subfield>
    <subfield code="w">2016-02-18</subfield>
    <subfield code="y">NRM</subfield>
  </datafield>
  <datafield tag="952" ind1=" " ind2=" ">
    <subfield code="0">0</subfield>
    <subfield code="1">0</subfield>
    <subfield code="2">ddc</subfield>
    <subfield code="4">0</subfield>
    <subfield code="6">MGR_UN_2009_000000000000000_B417_OR_7</subfield>
    <subfield code="7">0</subfield>
    <subfield code="9">39949</subfield>
    <subfield code="a">LBB</subfield>
    <subfield code="b">LBB</subfield>
    <subfield code="c">B417</subfield>
    <subfield code="d">2016-02-18</subfield>
    <subfield code="o">MGR UN 2009 B417 Or.7</subfield>
    <subfield code="p">RUA050008</subfield>
    <subfield code="r">2016-02-18</subfield>
    <subfield code="w">2016-02-18</subfield>
    <subfield code="y">NRM</subfield>
  </datafield>
  <datafield tag="952" ind1=" " ind2=" ">
    <subfield code="0">0</subfield>
    <subfield code="1">0</subfield>
    <subfield code="2">ddc</subfield>
    <subfield code="4">0</subfield>
    <subfield code="6">MGR_UN_2009_000000000000000_B417_OR_8</subfield>
    <subfield code="7">0</subfield>
    <subfield code="9">39950</subfield>
    <subfield code="a">LBB</subfield>
    <subfield code="b">LBB</subfield>
    <subfield code="c">B417</subfield>
    <subfield code="d">2016-02-18</subfield>
    <subfield code="o">MGR UN 2009 B417 Or.8</subfield>
    <subfield code="p">RUA050301</subfield>
    <subfield code="r">2016-02-18</subfield>
    <subfield code="w">2016-02-18</subfield>
    <subfield code="y">NRM</subfield>
  </datafield>
</record>
